| 000 | 00659nam a22001937a 4500 | ||
|---|---|---|---|
| 005 | 20100820145619.0 | ||
| 010 | _aENG-101117 | ||
| 020 |
_a8177356224 _c40.00 |
||
| 035 | _aEN-84650 | ||
| 037 | _bDBAD/PUB | ||
| 082 | _a548.5 | ||
| 100 |
_aChandraleka K _917114 |
||
| 245 |
_aClycine Crystal / _cby K Chandraleka |
||
| 260 |
_aChennai _bPavai Publications _c2008 |
||
| 270 |
_a142 Jani Jan Khan Road Royappettah _bChennai _e600014 |
||
| 300 |
_a56p _c19cm(pbk) |
||
| 942 |
_2ddc _cEN _h548.5 _mCHA |
||
| 999 |
_c42732 _d42732 |
||